000 01566nam a2200229Ia 4500
003 Ost
005 20260507075200.0
008 260507s9999||||xx |||||||||||||| ||und||
040 _cfsecg
041 _aara
082 _a330
100 _aدايتريش، ميشال
_eمؤلف
245 0 _aعلم اقتصاد تكلفة الصفقة و ما وراء ذلك :
_bنحو علم اقتصاد جديد عن المنشأة /
_c ميشال دايتريش
260 _aعمان:
_bدار الكتاب الحديث,
_c1998
300 _a250 صفحة؛
_bإيضاحات ؛
_c24 سم
504 _aهوامش ص. 205 ، بيبليوغرافيا ص.217 ؛ فهرس الاعلام ص.237ص.؛ فهرس المواضيع ص.243
520 _a1) ما وراء تكاليف الصفقة : الخلفية : نموذج تكلفة الصفقة ، 2) ما وراء تكاليف الصفقة : حدود المنشأة : تطور المنشأة ، الاندماج الموفرتشكيلة من نفس الخدمة و / أو المنتوج و المنشأة ، الاندماج الموفر لخدمات و / او منتوجات منتنوعة لاسواق مختلفة و المنشأة ، شبه الاندماج و المنشأة 3) علم إقتصاد جديد عن المنشأة : المنشأة و النظرية الاقتصادية ، المنشأة كنسق ، السياسة الاقتصادية و المنشأة .
653 _aالاقتصاد
653 _aالصفقات
700 _a التل، نادر ادريس
_eمؤلف ثانوي
942 _cكتاب
999 _c43395
_d43395